[Event "TIPC 2019 Groupe A"]
[Site ""]
[Date "2019.07.30"]
[Round "5.29"]
[White "Callier, Christophe"]
[Black "De Block, Fabio"]
[Result "0-1"]
[WhiteElo "1986"]
[BlackElo "2039"]

1. e4 {[%clk 01:30:58]} {[%emt 00:00:01]} c6 {[%clk 01:27:29]} {[%emt
00:03:32]} 2. d4 {[%clk 01:31:25]} {[%emt 00:00:03]} d5 {[%clk 01:27:54]}
{[%emt 00:00:05]} 3. f3 {[%clk 01:31:52]} {[%emt 00:00:04]} e6 {[%clk
01:28:12]} {[%emt 00:00:12]} 4. Be3 {[%clk 01:32:18]} {[%emt 00:00:04]} Nf6
{[%clk 01:28:11]} {[%emt 00:00:31]} 5. Nd2 {[%clk 01:32:43]} {[%emt 00:00:05]}
b6 {[%clk 01:24:40]} {[%emt 00:04:02]} 6. c3 {[%clk 01:31:41]} {[%emt
00:01:30]} Bb7 {[%clk 01:24:05]} {[%emt 00:01:06]} 7. Bd3 {[%clk 01:30:57]}
{[%emt 00:01:14]} c5 {[%clk 01:20:22]} {[%emt 00:04:14]} 8. e5 {[%clk
01:30:43]} {[%emt 00:00:43]} Nfd7 {[%clk 01:20:44]} {[%emt 00:00:08]} 9. f4
{[%clk 01:30:37]} {[%emt 00:00:36]} Be7 {[%clk 01:15:41]} {[%emt 00:05:33]} 10.
Qh5 {[%clk 01:29:17]} {[%emt 00:01:50]} g6 {[%clk 01:14:01]} {[%emt 00:02:10]}
11. Qe2 {[%clk 01:29:35]} {[%emt 00:00:12]} Nc6 {[%clk 01:12:16]} {[%emt
00:02:15]} 12. a3 {[%clk 01:27:55]} {[%emt 00:02:09]} a5 {[%clk 01:07:05]}
{[%emt 00:05:42]} 13. Ngf3 {[%clk 01:28:08]} {[%emt 00:00:17]} Qc8 {[%clk
01:06:56]} {[%emt 00:00:39]} 14. Bb5 {[%clk 01:21:02]} {[%emt 00:07:35]} Ba6
{[%clk 00:59:43]} {[%emt 00:07:44]} 15. a4 {[%clk 01:21:21]} {[%emt 00:00:11]}
Bxb5 {[%clk 00:56:47]} {[%emt 00:03:26]} 16. axb5 {[%clk 01:21:41]} {[%emt
00:00:10]} Na7 {[%clk 00:57:08]} {[%emt 00:00:08]} 17. b3 {[%clk 01:14:36]}
{[%emt 00:07:35]} cxd4 18. Bxd4 {[%clk 01:13:20]} Bc5 {[%clk 00:35:47]} {[%emt
00:15:22]} 19. O-O {[%clk 01:12:13]} {[%emt 00:01:37]} Bxd4+ {[%clk 00:30:07]}
{[%emt 00:06:09]} 20. cxd4 {[%clk 01:11:30]} {[%emt 00:01:13]} O-O {[%clk
00:29:51]} {[%emt 00:00:46]} 21. Rfc1 {[%clk 01:10:11]} {[%emt 00:01:49]} Qb7
{[%clk 00:30:09]} {[%emt 00:00:13]} 22. Rc3 {[%clk 01:08:59]} {[%emt 00:01:42]}
Rfc8 {[%clk 00:28:54]} {[%emt 00:01:45]} 23. Rac1 {[%clk 01:09:19]} {[%emt
00:00:09]} Rxc3 {[%clk 00:28:41]} {[%emt 00:00:43]} 24. Rxc3 {[%clk 01:09:43]}
{[%emt 00:00:06]} Rc8 {[%clk 00:29:06]} {[%emt 00:00:05]} 25. Nb1 {[%clk
01:09:57]} {[%emt 00:00:16]} Rxc3 {[%clk 00:25:25]} {[%emt 00:04:12]} 26. Nxc3
{[%clk 01:10:25]} Qc8 {[%clk 00:25:46]} {[%emt 00:00:09]} 27. Qd3 {[%clk
01:07:34]} {[%emt 00:03:20]} Qf8 {[%clk 00:22:03]} {[%emt 00:04:13]} 28. g4
{[%clk 01:05:42]} {[%emt 00:02:22]} f5 {[%clk 00:15:48]} {[%emt 00:06:46]} 29.
gxf5 {[%clk 01:03:07]} {[%emt 00:03:04]} Qxf5 {[%clk 00:15:00]} {[%emt
00:01:18]} 30. Qxf5 {[%clk 01:03:25]} {[%emt 00:00:12]} gxf5 {[%clk 00:15:26]}
{[%emt 00:00:04]} 31. Ng5 {[%clk 01:02:25]} {[%emt 00:01:28]} Nf8 {[%clk
00:15:51]} {[%emt 00:00:05]} 32. Kf2 {[%clk 01:00:57]} {[%emt 00:01:59]} h6
{[%clk 00:15:39]} {[%emt 00:00:42]} 33. Nf3 {[%clk 01:00:53]} {[%emt 00:00:33]}
Ng6 {[%clk 00:15:44]} {[%emt 00:00:26]} 34. Ke3 {[%clk 01:01:06]} {[%emt
00:00:17]} Kf7 {[%clk 00:15:49]} {[%emt 00:00:24]} 35. Ne1 {[%clk 00:58:51]}
{[%emt 00:02:46]} Nf8 {[%clk 00:11:50]} {[%emt 00:04:28]} 36. Kf3 {[%clk
00:58:27]} {[%emt 00:00:54]} Kg6 {[%clk 00:11:37]} {[%emt 00:00:44]} 37. Nd3
{[%clk 00:55:43]} {[%emt 00:03:13]} Kf7 {[%clk 00:10:29]} {[%emt 00:01:38]} 38.
Ke3 {[%clk 00:54:40]} {[%emt 00:01:33]} Nd7 {[%clk 00:10:30]} {[%emt 00:00:29]}
39. b4 {[%clk 00:48:33]} {[%emt 00:06:37]} a4 {[%clk 00:08:35]} {[%emt
00:02:26]} 40. Kd2 {[%clk 00:48:12]} {[%emt 00:00:50]} Kg6 {[%clk 00:08:38]}
{[%emt 00:00:27]} 41. Kc2 {[%clk 00:28:22]} {[%emt 00:20:20]} Kh5 {[%clk
00:09:01]} {[%emt 00:00:06]} 42. Nf2 {[%clk 00:27:45]} {[%emt 00:01:07]} a3
{[%clk 00:07:55]} {[%emt 00:01:37]} 43. Kb3 {[%clk 00:27:58]} {[%emt 00:00:17]}
Nf8 {[%clk 00:08:20]} {[%emt 00:00:04]} 44. Kxa3 {[%clk 00:26:25]} {[%emt
00:08:58]} Ng6 {[%clk 00:08:42]} 45. Ne2 {[%clk 00:25:52]} Nxb5+ {[%clk
00:07:37]} 46. Ka4 {[%clk 00:26:05]} Nc7 {[%clk 00:05:06]} 47. b5 {[%clk
00:25:24]} {[%emt 00:00:20]} Nh4 {[%clk 00:04:04]} {[%emt 00:01:31]} 48. Ng3+
{[%clk 00:22:58]} {[%emt 00:02:56]} Kg6 {[%clk 00:04:25]} {[%emt 00:00:09]} 49.
h3 {[%clk 00:21:59]} {[%emt 00:01:29]} Nf3 {[%clk 00:04:35]} {[%emt 00:00:21]}
50. Ne2 {[%clk 00:22:12]} {[%emt 00:00:18]} Kh5 {[%clk 00:04:02]} {[%emt
00:01:03]} 51. Kb4 {[%clk 00:22:35]} {[%emt 00:00:07]} Kh4 {[%clk 00:04:15]}
{[%emt 00:00:17]} 52. Ka4 {[%clk 00:20:39]} {[%emt 00:02:25]} Nd2 {[%clk
00:04:19]} {[%emt 00:00:25]} 53. Kb4 {[%clk 00:19:40]} {[%emt 00:01:30]} Ne4
{[%clk 00:03:56]} {[%emt 00:00:56]} 54. Nd1 {[%clk 00:17:30]} {[%emt 00:02:40]}
Kxh3 {[%clk 00:03:43]} {[%emt 00:00:43]} 55. Ne3 {[%clk 00:17:36]} {[%emt
00:00:24]} h5 {[%clk 00:03:40]} {[%emt 00:00:33]} 56. Ka4 {[%clk 00:17:33]}
{[%emt 00:00:33]} Kh2 {[%clk 00:02:22]} {[%emt 00:01:48]} 57. Kb4 {[%clk
00:17:47]} {[%emt 00:00:17]} h4 {[%emt 00:01:44]} 0-1

[Event "TIPC 2019 Groupe A"]
[Site ""]
[Date "2019.07.30"]
[Round "5.9"]
[White "Van Malder, Dries"]
[Black "Butzen, Robin"]
[Result "1/2-1/2"]
[WhiteElo "2178"]
[BlackElo "1967"]

1. e4 {[%emt 00:06:43]} c5 {[%emt 00:00:10]} 2. Nf3 {[%emt 00:00:21]} d6 {[%emt
00:00:04]} 3. Bb5+ {[%emt 00:00:07]} Nd7 {[%emt 00:00:05]} 4. c3 {[%emt
00:00:10]} a6 {[%emt 00:00:06]} 5. Ba4 {[%emt 00:00:06]} Ngf6 {[%emt 00:01:15]}
6. Qe2 {[%emt 00:00:08]} b5 {[%emt 00:18:05]} 7. Bc2 {[%emt 00:00:11]} Bb7
{[%emt 00:00:06]} 8. d4 {[%emt 00:00:50]} g6 {[%emt 00:00:10]} 9. O-O {[%emt
00:03:04]} Bg7 {[%emt 00:04:31]} 10. Re1 {[%emt 00:01:17]} e5 {[%emt 00:00:40]}
11. a4 {[%emt 00:02:33]} b4 {[%emt 00:05:27]} 12. dxe5 {[%emt 00:09:02]} dxe5
{[%emt 00:02:19]} 13. Rd1 {[%emt 00:01:30]} Qc7 {[%emt 00:02:51]} 14. Nbd2
{[%emt 00:03:19]} bxc3 {[%emt 00:15:55]} 15. bxc3 a5 16. Rb1 O-O {[%emt
00:03:29]} 17. Nc4 {[%emt 00:10:00]} Ba6 {[%emt 00:00:11]} 18. Bd3 {[%emt
00:00:07]} Rfd8 {[%emt 00:08:44]} 19. Bg5 {[%emt 00:08:24]} h6 {[%emt
00:00:46]} 20. Bxf6 {[%emt 00:00:31]} Bxf6 {[%emt 00:00:07]} 21. Ne3 {[%emt
00:12:47]} Bb7 {[%emt 00:06:15]} 22. Qc2 {[%emt 00:04:52]} Rab8 {[%emt
00:05:39]} 23. Rb2 {[%emt 00:08:49]} Nb6 {[%emt 00:05:50]} 24. Rdb1 {[%emt
00:01:12]} Ba8 {[%emt 00:01:41]} 25. h3 {[%emt 00:07:37]} Bg5 {[%emt 00:02:42]}
26. Nc4 {[%emt 00:02:54]} Nxc4 {[%emt 00:01:42]} 27. Rxb8 {[%emt 00:01:04]}
Rxb8 {[%emt 00:00:50]} 28. Rxb8+ {[%emt 00:01:41]} Qxb8 {[%emt 00:00:19]} 29.
Bxc4 {[%emt 00:00:06]} Bc6 {[%emt 00:03:54]} 30. Qa2 {[%emt 00:04:16]} Bxe4
{[%emt 00:03:05]} 31. Bxf7+ {[%emt 00:00:47]} Kg7 {[%emt 00:00:11]} 32. Nxg5
{[%emt 00:00:48]} hxg5 {[%emt 00:01:06]} 33. Qc4 {[%emt 00:09:42]} Qd6 {[%emt
00:03:26]} 34. Qxe4 {[%emt 00:01:00]} Kxf7 {[%emt 00:00:11]} 35. Qb7+ {[%emt
00:01:40]} Kf6 {[%emt 00:00:22]} 36. Qb5 {[%emt 00:01:05]} Qc7 {[%emt
00:04:31]} 37. Qa6+ {[%emt 00:00:24]} Kg7 {[%emt 00:00:41]} 38. Qe6 {[%emt
00:00:13]} Kh6 {[%emt 00:01:41]} 39. Qg8 {[%emt 00:00:30]} g4 {[%emt 00:01:25]}
40. h4 {[%emt 00:02:53]} Qg7 {[%emt 00:00:40]} 41. Qxg7+ {[%emt 00:18:22]} Kxg7
{[%emt 00:00:23]} 42. Kh2 {[%emt 00:00:44]} Kf6 {[%emt 00:16:47]} 43. Kg3
{[%emt 00:01:51]} Kf5 {[%emt 00:00:05]} 44. f3 {[%emt 00:03:53]} gxf3 {[%emt
00:00:05]} 45. Kxf3 {[%emt 00:01:09]} e4+ {[%emt 00:02:07]} 46. Ke3 {[%emt
00:05:00]} 1/2-1/2

[Event "TIPC 2019 Groupe A"]
[Site ""]
[Date "2019.07.30"]
[Round "5.6"]
[White "Faybish, Nimrod"]
[Black "Capone, Nicola"]
[Result "0-1"]
[BlackTitle "IM"]
[WhiteElo "2220"]
[BlackElo "2297"]

1. d4 {[%clk 01:30:55]} {[%emt 00:00:05]} Nf6 {[%clk 01:30:57]} {[%emt
00:00:03]} 2. c4 {[%clk 01:31:17]} {[%emt 00:00:08]} g6 {[%clk 01:31:24]}
{[%emt 00:00:03]} 3. Nc3 {[%clk 01:31:41]} {[%emt 00:00:05]} d5 {[%clk
01:31:50]} {[%emt 00:00:04]} 4. Bg5 {[%clk 01:32:04]} {[%emt 00:00:07]} Bg7
{[%clk 01:32:16]} {[%emt 00:00:04]} 5. Nf3 {[%clk 01:32:22]} {[%emt 00:00:11]}
Ne4 {[%clk 01:32:27]} {[%emt 00:00:20]} 6. Bh4 {[%clk 01:32:45]} {[%emt
00:00:06]} Nxc3 {[%clk 01:32:40]} {[%emt 00:00:17]} 7. bxc3 {[%clk 01:33:11]}
{[%emt 00:00:05]} dxc4 {[%clk 01:33:02]} {[%emt 00:00:08]} 8. e3 {[%clk
01:33:03]} {[%emt 00:00:38]} b5 {[%clk 01:33:00]} {[%emt 00:00:33]} 9. a4
{[%clk 01:28:58]} {[%emt 00:04:34]} c6 {[%clk 01:33:25]} {[%emt 00:00:06]} 10.
e4 {[%clk 01:17:27]} {[%emt 00:12:01]} O-O {[%clk 01:25:58]} {[%emt 00:07:57]}
11. Be2 {[%clk 01:13:48]} {[%emt 00:04:08]} a6 {[%clk 01:18:33]} {[%emt
00:07:56]} 12. O-O {[%clk 01:13:47]} {[%emt 00:00:31]} Bb7 {[%clk 01:15:53]}
{[%emt 00:03:09]} 13. Qd2 {[%clk 01:05:59]} {[%emt 00:08:17]} Re8 {[%clk
00:59:37]} {[%emt 00:16:47]} 14. Rad1 {[%clk 00:38:35]} {[%emt 00:27:54]} Nd7
{[%clk 00:58:34]} {[%emt 00:01:33]} 15. e5 {[%clk 00:33:35]} {[%emt 00:05:29]}
f6 {[%clk 00:51:13]} {[%emt 00:07:51]} 16. Bg3 {[%clk 00:33:27]} {[%emt
00:00:38]} c5 {[%clk 00:24:08]} {[%emt 00:27:36]} 17. d5 {[%clk 00:31:00]}
{[%emt 00:02:57]} Nxe5 {[%clk 00:16:57]} {[%emt 00:07:41]} 18. Nxe5 {[%clk
00:24:37]} {[%emt 00:06:52]} fxe5 {[%clk 00:17:23]} {[%emt 00:00:04]} 19. Bf3
{[%clk 00:16:51]} {[%emt 00:08:16]} Qd6 {[%clk 00:10:24]} {[%emt 00:07:29]} 20.
Qb2 {[%clk 00:14:02]} {[%emt 00:03:19]} b4 {[%clk 00:10:36]} {[%emt 00:00:17]}
21. a5 {[%clk 00:13:30]} {[%emt 00:01:02]} Rab8 {[%clk 00:10:03]} {[%emt
00:01:03]} 22. Qe2 {[%clk 00:13:46]} {[%emt 00:00:14]} Bc8 {[%clk 00:10:08]}
{[%emt 00:00:26]} 23. Qxc4 {[%clk 00:13:23]} {[%emt 00:00:53]} Bd7 {[%clk
00:10:30]} {[%emt 00:00:08]} 24. Rfe1 {[%clk 00:11:56]} {[%emt 00:01:57]} Rb5
{[%clk 00:08:50]} {[%emt 00:02:10]} 25. cxb4 {[%clk 00:10:56]} {[%emt
00:01:31]} cxb4 {[%clk 00:09:09]} {[%emt 00:00:10]} 26. Rb1 {[%clk 00:09:52]}
{[%emt 00:01:34]} Reb8 {[%clk 00:08:52]} {[%emt 00:00:47]} 27. Qb3 {[%clk
00:05:09]} {[%emt 00:08:27]} Rc8 {[%clk 00:02:42]} {[%emt 00:03:25]} 28. h4
{[%clk 00:04:38]} {[%emt 00:01:01]} Rc3 {[%clk 00:02:36]} {[%emt 00:00:36]} 29.
Qb2 {[%clk 00:04:55]} {[%emt 00:00:13]} Bf5 {[%clk 00:02:55]} {[%emt 00:00:10]}
30. Ra1 {[%clk 00:04:21]} {[%emt 00:01:05]} Bf6 {[%clk 00:03:02]} {[%emt
00:00:24]} 31. Be4 {[%clk 00:04:08]} {[%emt 00:00:42]} Kg7 {[%clk 00:02:20]}
{[%emt 00:01:12]} 32. f3 {[%clk 00:04:28]} {[%emt 00:00:10]} Bxe4 {[%clk
00:02:29]} {[%emt 00:00:21]} 33. Rxe4 {[%clk 00:04:49]} {[%emt 00:00:08]} Qxd5
{[%clk 00:02:56]} {[%emt 00:00:03]} 34. Bf2 {[%clk 00:04:23]} {[%emt 00:00:56]}
Rc4 {[%clk 00:02:32]} {[%emt 00:00:55]} 35. Qe2 {[%clk 00:03:55]} {[%emt
00:00:57]} Rxe4 {[%clk 00:01:38]} {[%emt 00:01:27]} 36. fxe4 {[%clk 00:04:21]}
{[%emt 00:00:04]} Qc6 {[%clk 00:02:00]} {[%emt 00:00:08]} 37. h5 {[%clk
00:02:49]} {[%emt 00:02:03]} b3 {[%clk 00:02:23]} {[%emt 00:00:06]} 38. Be3
{[%clk 00:02:40]} {[%emt 00:00:38]} Kf7 {[%clk 00:02:26]} {[%emt 00:00:28]} 39.
Rb1 {[%clk 00:02:42]} {[%emt 00:00:28]} Qxe4 {[%clk 00:02:04]} {[%emt
00:00:51]} 40. Rb2 {[%clk 00:00:58]} {[%emt 00:02:14]} Qd5 {[%clk 00:02:29]}
{[%emt 00:00:06]} 41. Rd2 {[%clk 00:28:23]} {[%emt 00:03:04]} Qxd2 {[%clk
00:25:37]} 42. Bxd2 {[%clk 00:28:19]} {[%emt 00:07:57]} b2 {[%clk 00:26:03]}
{[%emt 00:00:04]} 43. Qc4+ {[%clk 00:27:21]} {[%emt 00:01:27]} e6 {[%clk
00:26:29]} {[%emt 00:00:04]} 44. Qc7+ {[%clk 00:26:56]} {[%emt 00:00:55]} Be7
{[%clk 00:26:52]} {[%emt 00:00:07]} 0-1

[Event "TIPC 2019 Groupe A"]
[Site ""]
[Date "2019.07.31"]
[Round "6.22"]
[White "Philippe, Denis-Emmanuel"]
[Black "Godry, Clément"]
[Result "1-0"]
[WhiteElo "2015"]
[BlackElo "1962"]

1. d4 {[%clk 01:31:00]} {[%emt 00:00:05]} c5 {[%clk 01:30:48]} {[%emt
00:00:13]} 2. d5 {[%emt 00:00:10]} Nf6 {[%emt 00:00:28]} 3. Nf3 {[%clk
01:31:25]} {[%emt 00:00:07]} g6 {[%emt 00:00:13]} 4. Nc3 {[%clk 01:30:58]}
{[%emt 00:00:52]} d6 {[%emt 00:00:45]} 5. e4 {[%clk 01:30:48]} {[%emt
00:00:11]} Bg7 {[%emt 00:00:18]} 6. Bb5+ {[%emt 00:01:45]} Nbd7 {[%emt
00:00:30]} 7. a4 {[%clk 01:30:08]} {[%emt 00:00:23]} O-O {[%clk 01:31:47]}
{[%emt 00:00:09]} 8. O-O {[%emt 00:00:28]} Qc7 {[%emt 00:04:13]} 9. Re1 {[%clk
01:26:09]} {[%emt 00:00:42]} Rb8 {[%emt 00:02:30]} 10. Bf4 {[%emt 00:02:53]} a6
{[%emt 00:01:46]} 11. Bf1 {[%emt 00:02:01]} Ng4 {[%emt 00:05:57]} 12. Qd2
{[%emt 00:02:47]} Re8 {[%emt 00:13:23]} 13. h3 {[%clk 01:07:41]} 1-0

[Event "TIPC 2019 Groupe A"]
[Site ""]
[Date "2019.07.31"]
[Round "6.2"]
[White "Miezis, Normunds"]
[Black "Gutenev, Alexander"]
[Result "1/2-1/2"]
[WhiteTitle "GM"]
[BlackTitle "IM"]
[WhiteElo "2495"]
[BlackElo "2470"]

1. c4 {[%emt 00:00:50]} Nf6 {[%clk 01:30:03]} {[%emt 00:00:10]} 2. Nc3 {[%clk
01:31:07]} {[%emt 00:00:19]} d5 {[%clk 01:30:18]} {[%emt 00:00:16]} 3. cxd5
{[%clk 01:31:25]} {[%emt 00:00:11]} Nxd5 {[%clk 01:30:40]} {[%emt 00:00:08]} 4.
g3 {[%clk 01:31:13]} {[%emt 00:00:42]} g6 {[%clk 01:31:03]} {[%emt 00:00:07]} 5.
Bg2 {[%clk 01:31:34]} {[%emt 00:00:09]} Nxc3 {[%clk 01:31:26]} {[%emt
00:00:07]} 6. bxc3 {[%clk 01:31:39]} {[%emt 00:00:25]} Bg7 {[%clk 01:31:52]}
{[%emt 00:00:04]} 7. h4 {[%clk 01:29:08]} {[%emt 00:03:00]} h6 {[%clk
01:30:12]} {[%emt 00:02:11]} 8. Rb1 {[%clk 01:26:45]} {[%emt 00:02:53]} Nc6
{[%clk 01:29:51]} {[%emt 00:00:51]} 9. Nf3 {[%clk 01:19:45]} {[%emt 00:07:30]}
O-O {[%clk 01:30:04]} {[%emt 00:00:18]} 10. O-O {[%clk 01:14:11]} {[%emt
00:06:03]} Na5 {[%clk 01:29:35]} {[%emt 00:00:59]} 11. d3 {[%clk 01:11:06]}
{[%emt 00:03:34]} b6 {[%clk 01:22:47]} {[%emt 00:11:48]} 12. Bd2 {[%clk
00:54:23]} {[%emt 00:12:43]} Bb7 {[%clk 01:17:11]} {[%emt 00:06:07]} 13. Qc1
{[%clk 00:50:56]} {[%emt 00:03:57]} Kh7 {[%clk 01:17:03]} {[%emt 00:00:38]} 14.
c4 {[%clk 00:50:17]} {[%emt 00:01:09]} Nc6 {[%clk 01:17:30]} {[%emt 00:00:04]}
15. Bc3 {[%clk 00:40:51]} {[%emt 00:09:55]} Qd6 {[%clk 00:58:53]} {[%emt
00:39:23]} 16. c5 {[%clk 00:32:42]} Qd7 {[%clk 00:48:49]} 17. Bxg7 {[%clk
00:28:02]} {[%emt 00:04:07]} Kxg7 {[%clk 00:48:52]} {[%emt 00:00:26]} 18. Qc3+
{[%clk 00:27:58]} {[%emt 00:00:36]} f6 {[%clk 00:47:27]} {[%emt 00:01:56]} 19.
d4 {[%clk 00:26:25]} {[%emt 00:02:02]} Na5 {[%clk 00:46:27]} {[%emt 00:01:30]}
20. Rbc1 {[%clk 00:23:58]} {[%emt 00:02:56]} Rad8 {[%clk 00:44:19]} {[%emt
00:02:39]} 21. Rfd1 {[%clk 00:20:02]} {[%emt 00:04:25]} Bd5 {[%clk 00:42:34]}
{[%emt 00:02:17]} 22. a3 {[%emt 00:13:30]} g5 {[%clk 00:35:51]} 23. hxg5 {[%clk
00:11:14]} {[%emt 00:03:30]} hxg5 {[%clk 00:35:57]} {[%emt 00:00:24]} 24. cxb6
{[%clk 00:05:40]} {[%emt 00:06:04]} cxb6 {[%clk 00:36:24]} {[%emt 00:00:03]} 25.
Qc7 {[%clk 00:05:59]} {[%emt 00:00:10]} Qe6 {[%clk 00:35:38]} {[%emt 00:01:16]}
26. e4 {[%clk 00:03:31]} {[%emt 00:02:59]} Bxe4 {[%clk 00:30:54]} {[%emt
00:07:22]} 27. d5 {[%clk 00:03:48]} Rxd5 {[%clk 00:26:43]} {[%emt 00:02:46]} 28.
Re1 {[%clk 00:03:17]} {[%emt 00:01:00]} Rd7 {[%clk 00:23:13]} {[%emt 00:04:00]}
29. Qc3 {[%clk 00:03:29]} {[%emt 00:00:19]} Qd5 {[%clk 00:20:22]} {[%emt
00:03:21]} 30. Nxg5 {[%clk 00:02:34]} {[%emt 00:01:24]} Bxg2 {[%clk 00:17:38]}
{[%emt 00:03:15]} 31. Ne6+ {[%clk 00:02:50]} {[%emt 00:00:14]} Kf7 {[%clk
00:18:05]} {[%emt 00:00:03]} 32. Nf4 {[%clk 00:02:38]} {[%emt 00:00:43]} Qb3
{[%clk 00:18:03]} {[%emt 00:00:30]} 33. Kxg2 {[%clk 00:02:33]} {[%emt
00:00:35]} Qxc3 {[%clk 00:18:29]} {[%emt 00:00:05]} 34. Rxc3 {[%clk 00:02:59]}
{[%emt 00:00:04]} e5 {[%clk 00:18:48]} {[%emt 00:00:10]} 35. Nd3 {[%clk
00:02:43]} {[%emt 00:00:47]} Rfd8 {[%clk 00:18:55]} {[%emt 00:00:23]} 36. Nb4
{[%clk 00:03:01]} {[%emt 00:00:12]} Rd2 {[%clk 00:16:17]} {[%emt 00:03:08]} 37.
Rh1 {[%clk 00:03:18]} {[%emt 00:00:12]} Kg6 {[%clk 00:16:07]} {[%emt 00:00:42]}
38. Rc7 {[%clk 00:03:32]} {[%emt 00:00:22]} R8d7 {[%clk 00:16:22]} {[%emt
00:00:11]} 39. Rc8 {[%clk 00:04:00]} Rb2 {[%clk 00:14:58]} {[%emt 00:08:24]} 40.
Rg8+ {[%clk 00:03:41]} Rg7 {[%clk 00:08:07]} {[%emt 00:01:38]} 41. Rxg7+ {[%clk
00:01:45]} {[%emt 00:02:25]} Kxg7 {[%clk 00:08:34]} {[%emt 00:00:04]} 42. Rc1
{[%clk 00:01:56]} {[%emt 00:04:00]} b5 {[%clk 00:01:01]} {[%emt 00:04:23]} 43.
Rc7+ {[%clk 00:02:06]} {[%emt 00:00:18]} Kg6 {[%clk 00:31:29]} {[%emt
00:05:20]} 44. Rxa7 {[%clk 00:28:31]} Nc4 {[%clk 00:31:32]} {[%emt 00:00:03]}
45. Nd5 {[%clk 00:26:54]} {[%emt 00:01:19]} Rd2 {[%clk 00:24:25]} {[%emt
00:07:37]} 46. Nc3 {[%clk 00:23:23]} {[%emt 00:04:01]} f5 {[%clk 00:23:05]}
{[%emt 00:01:51]} 47. Kg1 {[%clk 00:20:57]} {[%emt 00:02:54]} e4 {[%clk
00:20:22]} {[%emt 00:03:14]} 48. g4 {[%clk 00:20:42]} {[%emt 00:00:45]} fxg4
{[%clk 00:19:57]} {[%emt 00:00:56]} 49. Nxe4 {[%clk 00:20:59]} {[%emt
00:00:12]} Rd3 {[%clk 00:19:58]} {[%emt 00:00:29]} 50. Kg2 {[%clk 00:14:25]}
{[%emt 00:07:04]} Nxa3 {[%clk 00:18:23]} {[%emt 00:02:05]} 51. Nc5 {[%clk
00:14:02]} {[%emt 00:00:53]} Rf3 {[%clk 00:17:59]} {[%emt 00:00:54]} 52. Ra6+
{[%clk 00:12:27]} {[%emt 00:02:06]} Kf5 {[%clk 00:17:35]} {[%emt 00:00:53]} 53.
Rd6 {[%clk 00:11:37]} {[%emt 00:01:19]} Ke5 {[%clk 00:16:09]} {[%emt 00:01:57]}
54. Rg6 {[%clk 00:10:06]} {[%emt 00:02:03]} Rc3 {[%clk 00:16:35]} {[%emt
00:00:34]} 55. Rg5+ {[%clk 00:10:00]} {[%emt 00:03:01]} Kd4 {[%clk 00:15:37]}
{[%emt 00:00:06]} 56. Na6 {[%clk 00:09:37]} {[%emt 00:00:03]} Rc6 {[%clk
00:14:40]} {[%emt 00:00:42]} 57. Rxg4+ {[%clk 00:09:39]} {[%emt 00:00:28]} Kc3
{[%clk 00:14:47]} {[%emt 00:02:46]} 58. Rg3+ {[%clk 00:09:30]} Kb2 {[%clk
00:15:09]} 59. Nb4 {[%clk 00:09:48]} Rc3 {[%clk 00:14:36]} {[%emt 00:00:05]} 60.
f4 {[%clk 00:09:04]} {[%emt 00:00:47]} 1/2-1/2